| 000 | 00711nam a2200229 a 4500 | ||
|---|---|---|---|
| 001 | 000034417 | ||
| 003 | DO-SdBNP | ||
| 005 | 20240530073920.0 | ||
| 008 | 111004s1977 dr 000 f spa d | ||
| 040 |
_aDO-SdBNP _bspa _cBNPHU |
||
| 082 | 4 |
_aRD863.44 _bV393m _222 |
|
| 100 | 1 |
_aVazquez, Miguel A. _959844 |
|
| 245 | 1 | 0 |
_aMejorar la raza : _bnovela / _cMiguel A. Vazquez. |
| 260 |
_aSanto Domingo : _bTaller, _c1977. |
||
| 300 |
_a169 p. ; _c24 cm. |
||
| 500 | _aIncluye datos biográficos del autor en la contracubierta. | ||
| 590 | _aInventariado, 2019/MFF | ||
| 650 | 0 |
_aNovela dominicana _9223 |
|
| 650 | 0 |
_aLiteratura dominicana. _967 |
|
| 910 | _aValidado. Control de calidad MFF | ||
| 942 |
_2ddc _cLBS1 |
||
| 999 |
_c33908 _d33908 |
||